02326nam a22002657a 4500008004100000020001800041040000800059041000800067050002700075100003400102245004700136260003400183300004800217520076600265520068801031650003601719650004901755650003801804651004001842655003001882655003201912942000801944952009301952999001502045251112b |||||||| |||| 00| 0 eng d a9782749947204 ctbs afre aPQ2674.O719 bG84 2024 aNorek, Olivier926482eauthor aLes guerriers de l'hiverc/ Olivier Norek. aParis :bMichel Lafon,c2024. a446 pages :billustrations, maps ; c23 cm. aJe suis certain que nous avons réveillé leur satané Sisu. Je ne parle pas leur langue, camarade. Et je ne pourrais te traduire ce mot, car il n'a d'équivalent nulle part ailleurs. Le Sisu est l'âme de la Finlande. Il dit le courage, la force intérieure, la ténacité, la résistance, la détermination ... Une vie austère, dans un environnement hostile, a forgé leur mental d'un acier qui nous résiste aujourd'hui." Imaginez un pays minuscule. Imaginez-en un autre, gigantesque. Imaginez maintenant qu'ils s'affrontent. Au cœur du plus mordant de ses hivers, au cœur de la guerre la plus meurtrière de son histoire, un peuple se dresse contre l'ennemi, et parmi ses soldats naît une légende. La légende de Simo, la Mort Blanche. a“I’m certain we’ve awakened their damned Sisu. I don’t speak their language, comrade, and I couldn’t translate that word for you, because it has no equivalent anywhere else. Sisu is the soul of Finland. It means courage, inner strength, tenacity, endurance, determination… A harsh life in a hostile land has forged their minds from steel—and that steel is resisting us today.” Imagine a tiny country. Now imagine another, vast and powerful. And now imagine them at war. In the grip of one of the fiercest winters, amid the deadliest war in its history, a nation rises against its enemy—and among its soldiers, a legend is born. The legend of Simo, the White Death. 0aHäyhä, SimovFiction926483 0aRusso-Finnish War, 1939-1940vFiction926484 0aSniperszFinland vFiction926485 0aFinlandxHistory y1939-1945926486 0aHistorical fiction922722 0aBiographical fiction923613 2lcc 00102lcc4070aTBSbTBSd2025-11-12l0oP-FR NORpB05655r2025-11-12t1w2025-11-12y1 c5172d5172